[Event "Olympiad-44"]
[Site "Chennai"]
[Date "2022.08.01"]
[Round "4.4"]
[White "Jingjang, Shin"]
[Black "Joel, O Ebiekuta"]
[Result "1-0"]
[WhiteElo "1956"]
[BlackElo "1848"]
[PlyCount "103"]
[EventDate "2022.07.29"]
[EventType "team-swiss"]
[EventRounds "11"]
[EventCountry "IND"]
[SourceTitle "CBM 210"]
[Source "ChessBase"]
[SourceDate "2022.10.31"]
[SourceVersion "1"]
[SourceVersionDate "2022.10.31"]
[SourceQuality "1"]
[WhiteTeam "Thailand"]
[BlackTeam "Liberia"]
[WhiteTeamCountry "THA"]
[BlackTeamCountry "LBR"]

1. d4 e6 2. Nf3 d5 3. Bf4 c5 4. c3 Nf6 5. e3 Nc6 6. Nbd2 Bd6 7. Bg3 a6 8. Bd3 h6 9. 0-0 0-0 10. Ne5 c4 11. Bc2 Qc7 12. f4 Ne7 13. Bf2 Ne8 14. Qh5 f5 15. Kh1 Nf6 16. Qh3 b5 17. Rg1 h5 18. Qf3 Bd7 19. Bh4 Be8 20. h3 Ng6 21. Bxf6 Rxf6 22. Nf1 Nf8 23. Ng3 Rh6 24. Nxf5 Rf6 25. Nxd6 Qxd6 26. Raf1 Ra7 27. Qg3 a5 28. f5 exf5 29. Rxf5 Rxf5 30. Bxf5 Rf7 31. Qg5 Rf6 32. Rf1 g6 33. Rf3 Kg7 34. Bc2 Rxf3 35. Nxf3 Nd7 36. Nh4 Qe6 37. Bf5 Qf6 38. Qxf6+ Nxf6 39. Bc2 b4 40. Nf3 bxc3 41. bxc3 Kf8 42. Ne5 g5 43. Kg1 Kg7 44. Kf2 Bd7 45. e4 Be6 46. Ke3 Bc8 47. Nc6 dxe4 48. Bxe4 a4 49. d5 Nxe4 50. Kxe4 Kf6 51. Kd4 Bf5 52. Ne5 1-0

[Event "Olympiad-44"]
[Site "Chennai"]
[Date "2022.07.29"]
[Round "1.4"]
[White "Jingjang, Shin"]
[Black "Onischuk, Vladimir"]
[Result "0-1"]
[WhiteElo "1956"]
[BlackElo "2612"]
[PlyCount "67"]
[EventDate "2022.07.29"]
[EventType "team-swiss"]
[EventRounds "11"]
[EventCountry "IND"]
[SourceTitle "CBM 210"]
[Source "ChessBase"]
[SourceDate "2022.10.31"]
[SourceVersion "1"]
[SourceVersionDate "2022.10.31"]
[SourceQuality "1"]
[WhiteTeam "Thailand"]
[BlackTeam "Ukraine"]
[WhiteTeamCountry "THA"]
[BlackTeamCountry "UKR"]

1. d4 d6 2. Nf3 g6 3. Bg5 Bg7 4. Nbd2 h6 5. Bh4 Nc6 6. c3 f5 7. e3 Nf6 8. Bc4 e6 9. 0-0 g5 10. Bg3 0-0 11. Qc2 Nh5 12. Rad1 Qf6 13. a4 Ne7 14. Qb3 Kh8 15. Be2 Qf7 16. h3 Nxg3 17. fxg3 Nd5 18. c4 Nf6 19. c5 dxc5 20. Ne5 Qe8 21. dxc5 Ne4 22. Ndc4 Nxc5 23. Qb4 Nxa4 24. Nd6 cxd6 25. Bb5 Qd8 26. Ng6+ Kg8 27. Nxf8 Nxb2 28. Rxd6 Qxf8 29. Qd2 Bf6 30. Rc1 a6 31. Be2 Na4 32. Bf3 Nc3 33. Rd3 Nb5 34. Rd1 0-1

[Event "Bangkok Olympiad Qual"]
[Site "Bangkok"]
[Date "2022.06.03"]
[Round "5"]
[White "Jingjang, Shin"]
[Black "Wongsawan, Thoetsak"]
[Result "0-1"]
[WhiteElo "1891"]
[BlackElo "1837"]
[PlyCount "82"]
[EventDate "2022.06.01"]
[EventType "tourn"]
[EventRounds "9"]
[EventCountry "THA"]
[SourceTitle "CBM 208 Extra"]
[Source "ChessBase"]
[SourceDate "2022.07.31"]
[SourceVersion "1"]
[SourceVersionDate "2022.07.31"]
[SourceQuality "1"]

1. d4 Nf6 2. Nf3 d5 3. Bf4 e6 4. e3 Bd6 5. Bg3 0-0 6. Nbd2 c5 7. c3 Qc7 8. Ne5 Nc6 9. f4 Ne7 10. Bh4 Ne4 11. Nxe4 dxe4 12. Nc4 Nf5 13. Nxd6 Qxd6 14. Bf2 cxd4 15. cxd4 Bd7 16. Be2 a6 17. 0-0 Bb5 18. Bxb5 axb5 19. Qe2 Qd5 20. b3 Rfc8 21. Rac1 Rc6 22. g4 Nd6 23. Bh4 f6 24. Rxc6 Qxc6 25. f5 exf5 26. gxf5 Qd5 27. Qg4 Kh8 28. Bg3 Rxa2 29. Qf4 Ra6 30. Rc1 h6 31. Rc7 Ra1+ 32. Kg2 Ra2+ 33. Kh3 Nf7 34. Bh4 Re2 35. Re7 Qxb3 36. Rxe4 Qc2 37. Re8+ Kh7 38. Re7 Ng5+ 39. Bxg5 hxg5 40. Qf1 Rf2 41. Qg1 Qxf5+ 0-1

[Event "Bangkok"]
[Site "Bangkok"]
[Date "2021.07.18"]
[Round "7"]
[White "Wiwatanadate, Poompong"]
[Black "Jingjang, Shin"]
[Result "1-0"]
[WhiteElo "2043"]
[BlackElo "1771"]
[PlyCount "45"]
[EventDate "2021.07.12"]
[EventType "tourn"]
[EventRounds "10"]
[EventCountry "THA"]
[SourceTitle "EXT 2022"]
[Source "ChessBase"]
[SourceDate "2021.10.06"]
[SourceVersion "1"]
[SourceVersionDate "2021.10.06"]
[SourceQuality "1"]

1. d4 d5 2. c4 c6 3. cxd5 cxd5 4. Nc3 Nc6 5. e4 e6 6. e5 Qb6 7. Nf3 Bd7 8. a3 f6 9. Bd3 a6 10. 0-0 g6 11. Re1 Bg7 12. Nxd5 exd5 13. exf6+ Kf8 14. fxg7+ Kxg7 15. Bf4 Nf6 16. Qd2 h6 17. Ne5 Nxe5 18. dxe5 Ne8 19. e6 Bxe6 20. Be5+ Nf6 21. Qf4 Rhf8 22. Bd4 Qb3 23. Rxe6 1-0

[Event "Bangkok"]
[Site "Bangkok"]
[Date "2021.07.16"]
[Round "6"]
[White "Habla, Jony"]
[Black "Jingjang, Shin"]
[Result "1-0"]
[WhiteElo "2145"]
[BlackElo "1771"]
[PlyCount "33"]
[EventDate "2021.07.12"]
[EventType "tourn"]
[EventRounds "10"]
[EventCountry "THA"]
[SourceTitle "EXT 2022"]
[Source "ChessBase"]
[SourceDate "2021.10.06"]
[SourceVersion "1"]
[SourceVersionDate "2021.10.06"]
[SourceQuality "1"]

1. d4 d5 2. c4 c6 3. Nc3 dxc4 4. a4 Nf6 5. e4 e5 6. Bxc4 exd4 7. e5 Bb4 8. exf6 Qxf6 9. Qb3 a5 10. Nge2 dxc3 11. bxc3 0-0 12. 0-0 Bd6 13. Ng3 Bc7 14. Ba3 Re8 15. Rae1 Be6 16. Qxb7 Nd7 17. Bxe6 1-0

[Event "Bangkok"]
[Site "Bangkok"]
[Date "2021.07.15"]
[Round "4"]
[White "Jingjang, Shin"]
[Black "Salvador, Louie"]
[Result "0-1"]
[WhiteElo "1771"]
[BlackElo "2140"]
[PlyCount "110"]
[EventDate "2021.07.12"]
[EventType "tourn"]
[EventRounds "10"]
[EventCountry "THA"]
[SourceTitle "EXT 2022"]
[Source "ChessBase"]
[SourceDate "2021.10.06"]
[SourceVersion "1"]
[SourceVersionDate "2021.10.06"]
[SourceQuality "1"]

1. d4 d5 2. Nf3 Nf6 3. Bf4 c5 4. c3 Nc6 5. e3 Qb6 6. Qb3 c4 7. Qc2 Bf5 8. Qc1 e6 9. h3 Be7 10. Nbd2 0-0 11. Be2 Qd8 12. 0-0 b5 13. a3 a5 14. Re1 b4 15. axb4 axb4 16. Ne5 Nxe5 17. Bxe5 Qb6 18. Bf3 Qc6 19. Bxf6 Bxf6 20. e4 Bg6 21. exd5 exd5 22. Nf1 Rxa1 23. Qxa1 Ra8 24. Qc1 Bf5 25. Qf4 Be6 26. Ne3 Rd8 27. Bg4 Re8 28. Bxe6 fxe6 29. Ng4 Bd8 30. Ne5 Qc7 31. Re3 b3 32. Qg4 Bf6 33. Qh5 Ra8 34. g3 Rf8 35. Kg2 Qd6 36. Ng4 Bd8 37. Ne5 Bc7 38. Rf3 g6 39. Rxf8+ Qxf8 40. Qg5 Kg7 41. Ng4 h5 42. Ne5 Qf6 43. Qxf6+ Kxf6 44. f4 g5 45. fxg5+ Kxg5 46. Nf3+ Kf5 47. Nd2 h4 48. g4+ Kf4 49. Kf2 e5 50. dxe5 Bxe5 51. Nf3 Bf6 52. g5 Bxg5 53. Nd4 Ke4 54. Ne2 Kd3 55. Ke1 Kc2 0-1

[Event "Nonthaburi SEA Games Qual"]
[Site "Nonthaburi"]
[Date "2021.03.08"]
[Round "9.6"]
[White "Suppt Hongs, Paisal"]
[Black "Jingjang, Shin"]
[Result "0-1"]
[WhiteElo "1771"]
[BlackElo "1772"]
[PlyCount "100"]
[EventDate "2021.03.04"]
[EventType "swiss"]
[EventRounds "9"]
[EventCountry "THA"]
[SourceTitle "EXT 2022"]
[Source "ChessBase"]
[SourceDate "2021.10.06"]
[SourceVersion "1"]
[SourceVersionDate "2021.10.06"]
[SourceQuality "1"]

1. g3 d5 2. Bg2 Nf6 3. c4 c6 4. Nf3 Bf5 5. cxd5 cxd5 6. 0-0 e6 7. Nc3 Nc6 8. Nh4 Bg4 9. h3 Bh5 10. Nf3 Bc5 11. Qb3 Qe7 12. d3 0-0 13. Bg5 Bxf3 14. exf3 Nd4 15. Qa4 a6 16. Rae1 b5 17. Qd1 Rfd8 18. f4 Nf5 19. Kh2 Qa7 20. g4 Nd4 21. Kg1 Be7 22. Bh4 Rac8 23. a3 Qb8 24. Bg3 Bd6 25. Qd2 a5 26. Ne2 Rc2 27. Qd1 Nxe2+ 28. Rxe2 Rxe2 29. Qxe2 Bxf4 30. g5 Nd7 31. Bh4 Rc8 32. d4 Rc4 33. Rd1 Qb6 34. Bf1 Bd6 35. Qd2 Rc7 36. g6 hxg6 37. Bd8 Nf6 38. Bxc7 Bxc7 39. Qd3 Qd6 40. Bg2 b4 41. Rc1 Qf4 42. Qe3 bxa3 43. bxa3 Qh2+ 44. Kf1 Bf4 45. Rc8+ Kh7 46. Qc3 Ne4 47. Qxa5 Nd2+ 48. Ke2 Qxg2 49. Kd3 Qf1+ 50. Kc2 Qb1+ 0-1

[Event "Nonthaburi SEA Games Qual"]
[Site "Nonthaburi"]
[Date "2021.03.07"]
[Round "8.5"]
[White "Jingjang, Shin"]
[Black "Alriyami, Faris Rashid"]
[Result "0-1"]
[WhiteElo "1772"]
[BlackElo "1758"]
[PlyCount "96"]
[EventDate "2021.03.04"]
[EventType "swiss"]
[EventRounds "9"]
[EventCountry "THA"]
[SourceTitle "EXT 2022"]
[Source "ChessBase"]
[SourceDate "2021.10.06"]
[SourceVersion "1"]
[SourceVersionDate "2021.10.06"]
[SourceQuality "1"]

1. d4 Nf6 2. Nf3 g6 3. Bg5 Bg7 4. Nbd2 0-0 5. e4 d5 6. exd5 Nxd5 7. c3 b6 8. Bc4 Bb7 9. 0-0 Nd7 10. Re1 N7f6 11. Qb3 h6 12. Bh4 Nf4 13. Bg3 N6h5 14. Ne5 Bxe5 15. Rxe5 Qd7 16. f3 Kg7 17. Rae1 e6 18. Bxf4 Nxf4 19. g3 Nh5 20. Bb5 Qe7 21. Kg2 Rad8 22. R1e2 Qf6 23. Ne4 Qe7 24. Nf2 Nf6 25. Bc4 Qd6 26. R5e3 g5 27. Ne4 Qe7 28. Nxf6 Qxf6 29. Bd3 g4 30. Be4 Bxe4 31. fxe4 Qg5 32. Qa4 c5 33. dxc5 bxc5 34. Qxa7 Rd2 35. Rxd2 Qxe3 36. Rf2 Qxe4+ 37. Kg1 Qe5 38. Qb7 Qe3 39. Kg2 Qe5 40. a4 Qh5 41. Rd2 Qe5 42. a5 Rb8 43. Qc6 Rd8 44. Rf2 Rd5 45. Qb5 Qe4+ 46. Kg1 Rd1+ 47. Rf1 Qe3+ 48. Kg2 Rd2+ 0-1

[Event "Nonthaburi SEA Games Qual"]
[Site "Nonthaburi"]
[Date "2021.03.06"]
[Round "5.7"]
[White "Burbach, Brunel Baron"]
[Black "Jingjang, Shin"]
[Result "0-1"]
[WhiteElo "1795"]
[BlackElo "1772"]
[PlyCount "80"]
[EventDate "2021.03.04"]
[EventType "swiss"]
[EventRounds "9"]
[EventCountry "THA"]
[SourceTitle "EXT 2022"]
[Source "ChessBase"]
[SourceDate "2021.10.06"]
[SourceVersion "1"]
[SourceVersionDate "2021.10.06"]
[SourceQuality "1"]

1. e4 e6 2. d4 d5 3. Nd2 Nf6 4. e5 Nfd7 5. Bd3 c5 6. c3 Nc6 7. Ngf3 Qb6 8. 0-0 cxd4 9. cxd4 Nxd4 10. Nxd4 Qxd4 11. Nf3 Qb6 12. a3 Nc5 13. Be3 Qb3 14. Bc2 Qxb2 15. Rb1 Qxa3 16. Bxc5 Bxc5 17. Ba4+ Kf8 18. Qc2 Bb6 19. Rfc1 g6 20. h4 h5 21. Bb5 Qe7 22. Qa4 Kg7 23. Ng5 Rd8 24. Rc3 Bd7 25. Rf3 Bxb5 26. Qxb5 Rf8 27. Qd3 Rac8 28. Rf6 Rc4 29. Nxe6+ Qxe6 30. Rxe6 fxe6 31. Rf1 Bxf2+ 32. Rxf2 Rc1+ 33. Kh2 Rxf2 34. Qa3 Rc6 35. Qxa7 Rf7 36. Qb8 Rcc7 37. Qe8 Rfe7 38. Qb8 Rcd7 39. Qa7 d4 40. g3 d3 0-1

[Event "World ol U16"]
[Site "Corum"]
[Date "2019.11.05"]
[Round "9.21"]
[White "Zaid, Alaa Chasib"]
[Black "Jingjang, Shin"]
[Result "0-1"]
[WhiteElo "1844"]
[BlackElo "1584"]
[PlyCount "90"]
[EventDate "2019.10.29"]
[EventType "team-swiss"]
[EventRounds "9"]
[EventCountry "TUR"]
[SourceTitle "CBM 192 Extra"]
[Source "Chessbase"]
[SourceDate "2019.11.06"]
[SourceVersion "1"]
[SourceVersionDate "2019.11.06"]
[SourceQuality "1"]
[WhiteTeam "Iraq"]
[BlackTeam "Thailand II"]
[WhiteTeamCountry "IRQ"]
[BlackTeamCountry "THA"]

1. e4 e6 2. d4 d5 3. e5 c5 4. c3 Nc6 5. Nf3 cxd4 6. cxd4 Qb6 7. a3 Nh6 8. b4 Nf5 9. Be3 Bd7 10. Nc3 Rc8 11. Na4 Qc7 12. Rc1 a6 13. Bd3 Nxe3 14. fxe3 Be7 15. 0-0 0-0 16. Nc5 f6 17. exf6 Bxf6 18. Qc2 h6 19. Rf2 Ne7 20. Ne5 Bxe5 21. dxe5 Rxf2 22. Qxf2 b6 23. Rf1 Nf5 24. Bxf5 bxc5 25. Bg6 Bb5 26. Rc1 Qxe5 27. bxc5 Rf8 28. Qd2 Qf6 29. Bd3 Bxd3 30. Qxd3 Qf2+ 31. Kh1 Qb2 32. Rb1 Qa2 33. h3 Rc8 34. Qg6 Kh8 35. c6 Qc4 36. Rb7 Qf1+ 37. Kh2 Qf6 38. Qc2 Qe5+ 39. Kh1 Qxe3 40. c7 Qe1+ 41. Kh2 Qe5+ 42. g3 Kg8 43. Qc5 Kf7 44. Ra7 g5 45. Rxa6 Qe2+ 0-1

[Event "Thailand Pattaya U16 op 2nd"]
[Site "Pattaya"]
[Date "2019.10.21"]
[Round "5"]
[White "Cruz, Jeremiah Luis"]
[Black "Jingjang, Shin"]
[Result "1/2-1/2"]
[WhiteElo "1477"]
[BlackElo "1584"]
[PlyCount "59"]
[EventDate "2019.10.19"]
[EventType "swiss"]
[EventRounds "9"]
[EventCountry "THA"]
[SourceTitle "CBM 193 Extra"]
[Source "ChessBase"]
[SourceDate "2020.01.31"]
[SourceVersion "1"]
[SourceVersionDate "2020.01.31"]
[SourceQuality "1"]

1. d4 Nf6 2. Nf3 d5 3. c3 c5 4. Bf4 Qb6 5. Qb3 Nc6 6. e3 c4 7. Qxb6 axb6 8. Nbd2 Bf5 9. a3 e6 10. Nh4 Bc2 11. Rc1 Be4 12. Nhf3 Bxf3 13. Nxf3 Be7 14. h3 0-0 15. Be2 Ra5 16. Nd2 Rfa8 17. 0-0 b5 18. Rc2 Ne4 19. Nxe4 dxe4 20. Rd2 R5a6 21. Rc1 Rd8 22. Bd1 Rd7 23. Bc2 f5 24. Bb1 Ra8 25. Rcd1 Rad8 26. Bg3 Bf6 27. Re2 Ne5 28. Bxe5 Bxe5 29. Rde1 Bf6 30. f3 1/2-1/2

[Event "Penang Mini op 2nd"]
[Site "Penang"]
[Date "2019.06.08"]
[Round "7"]
[White "Jingjang, Shin"]
[Black "Chua, Kian Meng"]
[Result "0-1"]
[WhiteElo "1488"]
[BlackElo "1621"]
[PlyCount "102"]
[EventDate "2019.06.05"]
[EventType "swiss"]
[EventRounds "9"]
[EventCountry "MAS"]
[SourceTitle "CBM 190 Extra"]
[Source "ChessBase"]
[SourceDate "2019.07.15"]
[SourceVersion "1"]
[SourceVersionDate "2019.07.15"]
[SourceQuality "1"]

1. d4 Nf6 2. Nf3 e6 3. Bf4 b6 4. e3 Bb7 5. Nbd2 Be7 6. h3 0-0 7. Bd3 d5 8. 0-0 Bd6 9. Ne5 Nbd7 10. Bh2 Qe7 11. f4 c5 12. c3 Ne4 13. Nxe4 dxe4 14. Bb5 Bxe5 15. fxe5 a6 16. Ba4 b5 17. Bc2 Nb6 18. Qe2 Rac8 19. Rf4 cxd4 20. exd4 b4 21. Bxe4 Bxe4 22. Rxe4 bxc3 23. bxc3 Rxc3 24. Qxa6 Nd5 25. Re2 Qg5 26. Kh1 Rfc8 27. Qb7 R3c7 28. Qb2 h6 29. a4 Qg6 30. Rae1 Rc2 31. Qa3 R8c3 32. Qa1 Qd3 33. Rxc2 Rxc2 34. Rb1 Qe2 35. Rb8+ Kh7 36. Qg1 Ne3 37. Rf8 Rd2 38. Rxf7 Rd1 39. Qxd1 Qxd1+ 40. Bg1 Nc2 41. Kh2 Nxd4 42. a5 Ne2 43. Bb6 Qd5 44. Bc7 Qb5 45. Re7 Nf4 46. Rf7 Nd5 47. Bd6 Qxa5 48. Kg3 Qc3+ 49. Rf3 Qe1+ 50. Kg4 Ne3+ 51. Kh5 g6# 0-1

[Event "Penang Mini op 2nd"]
[Site "Penang"]
[Date "2019.06.05"]
[Round "2"]
[White "Jingjang, Shin"]
[Black "Frost, Peter"]
[Result "0-1"]
[WhiteElo "1488"]
[BlackElo "1749"]
[PlyCount "84"]
[EventDate "2019.06.05"]
[EventType "swiss"]
[EventRounds "9"]
[EventCountry "MAS"]
[SourceTitle "CBM 190 Extra"]
[Source "ChessBase"]
[SourceDate "2019.07.15"]
[SourceVersion "1"]
[SourceVersionDate "2019.07.15"]
[SourceQuality "1"]

1. d4 Nf6 2. Nf3 e6 3. Bf4 d5 4. e3 Bd6 5. Ne5 0-0 6. Nd2 c5 7. c3 Nc6 8. Bg3 Qc7 9. f4 b6 10. Bd3 Bb7 11. 0-0 Ne7 12. Bh4 Ne4 13. Nxe4 dxe4 14. Bc2 Nf5 15. Bf2 Rac8 16. Rc1 Ba6 17. Re1 f6 18. Ng4 h5 19. Bxe4 hxg4 20. Qxg4 cxd4 21. Bxf5 exf5 22. Qxf5 dxe3 23. Bxe3 Bc5 24. Rcd1 Rfd8 25. Qe6+ Qf7 26. Bxc5 Rxd1 27. Qxf7+ Kxf7 28. Rxd1 Rxc5 29. Rd7+ Kg6 30. Rxa7 Ra5 31. a3 Bc4 32. Rxa5 bxa5 33. b4 Kf5 34. g3 a4 35. Kf2 Ke4 36. Ke1 Kd3 37. Kd1 Kxc3 38. Kc1 Kb3 39. g4 Kxa3 40. h4 Kxb4 41. g5 fxg5 42. fxg5 g6 0-1

[Event "Penang Mini op 2nd"]
[Site "Penang"]
[Date "2019.06.05"]
[Round "1"]
[White "Poh, Xuan Rui Ethan"]
[Black "Jingjang, Shin"]
[Result "1-0"]
[WhiteElo "2094"]
[BlackElo "1488"]
[PlyCount "63"]
[EventDate "2019.06.05"]
[EventType "swiss"]
[EventRounds "9"]
[EventCountry "MAS"]
[SourceTitle "CBM 190 Extra"]
[Source "ChessBase"]
[SourceDate "2019.07.15"]
[SourceVersion "1"]
[SourceVersionDate "2019.07.15"]
[SourceQuality "1"]

1. e4 e6 2. Nf3 d5 3. Nc3 Nf6 4. e5 Nfd7 5. d4 c5 6. dxc5 Bxc5 7. Bd3 Nc6 8. Bf4 h6 9. Bg3 0-0 10. 0-0 a6 11. a3 Qc7 12. Re1 b5 13. Qd2 Bb7 14. Bf4 h5 15. Bg3 Be7 16. Rad1 Rac8 17. Nxd5 exd5 18. e6 Bd6 19. exd7 Qxd7 20. Bxd6 Qxd6 21. Qg5 g6 22. Be4 Ne7 23. Bd3 Rfe8 24. Nd4 Nc6 25. Nf5 Qd7 26. Ne3 Ne5 27. Bf5 Qe7 28. Qxe7 Rxe7 29. Bxc8 Bxc8 30. Nxd5 Re6 31. f4 Nc4 32. Ne7+ 1-0